Statistics for Least Obese Countires

Click here to take the quiz!

General Stats

  • This quiz has been taken 179 times
  • The average score is 7 of 20

Answer Stats

HintAnswer% Correct
1.1%Ethiopia
61%
2.4%Niger
55%
1.9%India
53%
1.7%Vietnam
50%
2.7%Chad
49%
1.7%Democratic Republic of Congo
47%
3.9%North Korea
47%
2.6%Laos
43%
2.1%Cambodia
42%
1.1%Bangladesh
39%
1.5%Eritrea
38%
1.4%Nepal
35%
3.5%Central African Republic
33%
2.2%Afghanistan
32%
3.6%Zambia
26%
2.3%Burkina Faso
21%
2.9%Burundi
20%
1.6%Madagascar
19%
4.0%Burma
16%
2.7%East Timor
14%

Score Distribution

Percentile by Number Answered

Percent of People with Each Score

Your Score History

You have not taken this quiz